01286 2200361 4500001002100000005001500021035002000036007000300056008004100059040002200100043001200122100011100134245014000245250002600385300003700411505004600448999002400494020001800518041001400536082001400550084002400564090002400588264003000612336002100642337002900663338002200692520011700714521001500831650002100846700002900867850001200896990001600908INLIS00000000001528620260506013155 a0010-1025000880ta251028s2015 ntia g | 0 ind  aNTPDKUPbinderda aa-io-nt aHeinz Kluke, SVDePenuliseHeinz Kluke, SVDePenuliseHeinz Kluke, SVDePenuliseHeinz Kluke, SVDePenulis 0aDi sinilah Allah Menemukan Kediamannya :bBerziarah Bersama Umat di Pinggiran Masyarakat /cHeinz Kluke, SVD ; Peter Payong, Penerjemah aCetakan Pertama, 2015 a66 halaman :bilustrasi ;c21 cm aJudul Asli : Where God Has Found His Home aCB-D.16.03 2015-018 a979-429-344-x aIndonesia142[23]a266 aCB-D.16.03 2015-018 aCB-D.16.03 2015-018 aEnde :bNusa Indah,c2015 2teks rdacontent 2tanpa perantara rdamedia 2volume rdacarrier aPerjalanan atau misi kerohanian yang berhasil merubah kehidupan kaum miskin dan yang tersisih menjadi lebih baik aUntuk umum aMisi (Kristiani) aPeter PayongePenerjemah aNTPDKUP a00000119680